| 000 | 00878cam a2200205 4500 | ||
|---|---|---|---|
| 001 | WS122899 | ||
| 008 | 030702n 000 0 eng u | ||
| 035 | _a(Sirsi) u122899 | ||
| 245 | _aVereniging van Institutionele Beleggers in Vastgoed (IVBN) | ||
| 520 | _aWeb site for this Dutch organisation, Association of the Institutional Property Investors in the Netherlands, which represents the interests of corporate investors in that country. Includes a list of member and their code of ethics and compliance code. | ||
| 650 | _aNETHERLANDS | ||
| 650 | _aINSTITUTIONAL INVESTMENT | ||
| 650 | _aCODE OF ETHICS | ||
| 650 | _aORGANISATION | ||
| 650 | _aEUROPE | ||
| 650 | _aINTERNATIONAL | ||
| 690 | _aPROPERTY-COMMERCIAL PROPERTY-COMMERCIAL PROPERTY FINANCE AND INVESTMENT | ||
| 856 | 4 | 0 |
_uhttps://www.ivbn.nl _zView the website free of charge at www.ivbn.nl... |
| 942 | _n0 | ||
| 999 |
_c120306 _d120306 |
||